000 00497cam a2200193ua 4500
001 3180
005 20260515113638.0
008 111012n ii |||gr||||Z||||||asm
040 _cMAIN
082 _a891.4513
100 1 _aSarma, Satyendranath,
_eAuthor.
245 1 1 _aAsamiya upanyasar bhumika
_cby Satyendranath sarma
250 _a4th.
260 _aGuahati:
_bSaumar Prakash,992.
300 _a184p:
_c23cm.
653 _aAssamese novel
653 _aAsamiya upanyasar bhumika
942 _cBK
999 _c3024
_d3024